| 000 | 00475nam a2200181Ia 4500 | ||
|---|---|---|---|
| 008 | 131103s9999 xx 000 0 und d | ||
| 020 | _a0 340 16953 2 | ||
| 040 | _aLoreto College | ||
| 041 | _aEnglish | ||
| 082 |
_aF/WEN _bLCBED/7054 |
||
| 100 | _aWentworth, Patricia | ||
| 245 |
_aMiss silver intervenes _cPatricia Wentworth |
||
| 260 |
_aLondon _bCoronet Books _c1973 |
||
| 300 |
_a220p _c 19cm. |
||
| 650 | _aEnglish fiction | ||
| 850 | _aLCBED/F/WEN | ||
| 942 | _cBK | ||
| 999 |
_c33184 _d83663 |
||